[Event "Ruhrgebiet VK1 1213"]
[Site "Nordrheinwestfalen"]
[Date "2013.04.28"]
[Round "9.6"]
[White "Odenwald, Andreas"]
[Black "Fleischer, Michael"]
[Result "1/2-1/2"]
[WhiteElo "1594"]
[BlackElo "1887"]
[PlyCount "93"]
[EventDate "2012.09.02"]
[EventType "team-tourn"]
[EventRounds "9"]
[EventCountry "GER"]
[SourceTitle "EXT 2020"]
[Source "ChessBase"]
[SourceDate "2019.10.17"]
[SourceVersion "1"]
[SourceVersionDate "2019.10.17"]
[SourceQuality "1"]
[WhiteTeam "Waltrop SV"]
[BlackTeam "Muelheim Nord IV"]
[WhiteTeamCountry "GER"]
[BlackTeamCountry "GER"]

1. Nc3 e5 2. e4 Nf6 3. Nf3 Nc6 4. Bb5 d6 5. d3 Be7 6. 0-0 Bg4 7. Bxc6+ bxc6 8. Qe2 0-0 9. Qe3 h6 10. Ne2 Qc8 11. Ng3 Nh5 12. Nxh5 Bxh5 13. h3 f5 14. Nh2 f4 15. Qe1 Qe6 16. Qa5 Bd8 17. f3 Bf7 18. Bd2 Qc8 19. Be1 Qb7 20. Qc3 Rb8 21. b3 Be7 22. Qd2 d5 23. Bf2 Bb4 24. c3 Ba5 25. Rac1 Bb6 26. d4 dxe4 27. fxe4 Rbd8 28. Nf3 c5 29. d5 c6 30. c4 cxd5 31. cxd5 Bxd5 32. exd5 e4 33. Bh4 Rxd5 34. Qc2 exf3 35. Rxf3 Kh8 36. Rcf1 c4+ 37. Kh1 cxb3 38. axb3 Qc7 39. Qe2 Re5 40. Qb2 Re4 41. Bf2 Rfe8 42. Bxb6 axb6 43. Qf2 Re2 44. Qh4 Qc2 45. Qg4 R2e3 46. Rxf4 Re1 47. Qg3 1/2-1/2